Chemistry and properties of crosslinked polymers : proceedings of the ACS Symposium on Chemistry and Properties of Crosslinked Polymers, held in San Francisco, August 31--September 2, 1976 /

Guardado en:
Autores Corporativos: ACS Symposium on Chemistry and Properties of Crosslinked Polymers San Francisco), American Chemical Society. Division of Organic Coatings and Plastics Chemistry.
Otros Autores: Labana, Santokh S., 1936-, (Editor , ed.)
Formato: Libro
Idioma:English
Publicado: New York : Academic Press, 1977.
Materias:
Etiquetas: Agregar Etiqueta
Sin Etiquetas, Sea el primero en etiquetar este registro!
LEADER 01289cam a22002655a 4500
001 EIQ.libpla000955
008 770204s1977####nyuao####b####101#0#eng#d
005 20060627184325.0
245 1 0 |a Chemistry and properties of crosslinked polymers :  |b proceedings of the ACS Symposium on Chemistry and Properties of Crosslinked Polymers, held in San Francisco, August 31--September 2, 1976 /  |c edited by Santokh S. Labana. 
260 |a New York :  |b Academic Press,  |c 1977. 
300 |a xiii, 581 p. :  |b il., fotos ;  |c 24 cm. 
500 |a Esponsoreado por the Division of Organic Coatings and Plastics Chemistry, American Chemical Society. 
504 |a Incluye referencias bibliográficas e índice. 
020 |a 0124322503 
111 2 |a ACS Symposium on Chemistry and Properties of Crosslinked Polymers  |d (1976 :  |c San Francisco) 
700 1 |a Labana, Santokh S.,  |d 1936-,  |e ed.  |4 edt 
710 2 |a American Chemical Society.  |b Division of Organic Coatings and Plastics Chemistry. 
082 0 0 |a 547/.84 
650 4 |a Polímeros reticulados  |x Congresses. 
650 4 |a Redes de polímeros  |x Congresses. 
650 0 |a Crosslinked polymers  |x Congresses. 
650 0 |a Polymer networks  |x Congresses. 
010 |a  77001098  
040 |a DLC  |c DLC  |d AR-BbSID 
859 |a AR-BbSID  |b BIB. PLAPIQUI  |h 547.84  |i Am 35  |p 385